000 00889nam a2200253 a 4500
008
020 _a0297822470 (hbk.)
049 _aMAIN
090 _aHD9560
_bHOW
100 1 _aHowarth, Stephen.
245 1 2 _aA century in oil :
_bthe "Shell" Transport and Trading Company, 1897-1997 /
_cStephen Howarth.
260 _aLondon :
_bWeidenfeld and Nicolson,
_c1997.
300 _a397 p. :
_bill. (some col.) ;
_c27 cm.
504 _aIncludes index.
610 2 0 _aShell Transport and Trading Company
_xHistory.
610 2 0 _aKoninklijke Nederlandsche Petroleum Maatschappij
_xHistory.
610 2 0 _aShell International Petroleum Company, ltd.
_xHistory.
650 0 _aPetroleum industry and trade
_xHistory.
907 _a.b10084289
_b11-10-18
_c23-07-03
003
005 20230123133351.0
040 _cNUST
942 _cBOOKS
_kHD9560
_mHOW
999 _c147353
_d147353